Statistics for 2017-2018 Florida Panthers Player Stats

Click here to take the quiz!

General Stats

  • This quiz has been taken 14 times
  • The average score is 8 of 28

Answer Stats

#PlayerNationGPGAP% Correct
16Aleksander BarkovFinland79275178
93%
11Jonathan HuberdeauCanada82274269
93%
5Aaron EkbladCanada82162238
71%
63Evgenii DadonovRussia74283765
50%
3Keith YandleUSA8284856
50%
19Mike MathesonCanada81101727
43%
21Vincent TrocheckUSA82314475
43%
27Nick BjugstadUSA82193049
36%
7Colton SceviourCanada76111324
21%
62Denis MalginSwiss51111122
21%
17Derek MacKenzieCanada7531114
21%
72Frank VatranoUSA16538
21%
95Henrik BorgstromFinland4101
21%
88Jamie McGinnCanada76131629
21%
90Jared McCannCanada6891928
21%
52MacKenzie WeegarCanada60268
21%
13Mark PysykCanada8231316
21%
78Maxim MaminRussia26314
21%
71Radim VrbataCzech425914
21%
6Alexander PetrovicCanada6721113
14%
50Chase BalisyUSA8000
14%
23Connor BrickleyUSA444812
14%
14Curtis ValkCanada1000
14%
73Dryden HuntCanada11011
14%
25Henrik HaapalaFinland5011
14%
12Ian McCoshenUSA38314
14%
18Micheal HaleyCanada75369
14%
74Owen TippettCanada7101
14%

Score Distribution

Percentile by Number Answered

Percent of People with Each Score

Your Score History

You have not taken this quiz